Fundamentals of modern management / (Record no. 14807)
[ view plain ]
| 000 -LEADER | |
|---|---|
| fixed length control field | 00619nam a2200217 a 4500 |
| 001 - CONTROL NUMBER | |
| control field | 14807 |
| 003 - CONTROL NUMBER IDENTIFIER | |
| rucl marc code | BD-RjUL |
| 005 - DATE AND TIME OF LATEST TRANSACTION | |
| control field | 20211208235709.0 |
| 008 - FIXED-LENGTH DATA ELEMENTS--GENERAL INFORMATION | |
| fixed length control field | 140208r19681964enk 000 0 eng d |
| 035 ## - SYSTEM CONTROL NUMBER | |
| System control number | (BD-RjUL)14861 |
| 040 ## - CATALOGING SOURCE | |
| Original cataloging agency | ANL |
| Language of cataloging | eng |
| Transcribing agency | BD-RjUL |
| Modifying agency | BD-RjUL |
| 041 ## - LANGUAGE CODE | |
| Language code of text/sound track or separate title | eng |
| 082 04 - DEWEY DECIMAL CLASSIFICATION NUMBER | |
| Classification number | 658 |
| Author mark and year | DUF 1968 |
| 100 1# - MAIN ENTRY--PERSONAL NAME | |
| Personal name | Dugdale, Jack Stuart. |
| 9 (RLIN) | 46126 |
| 245 10 - TITLE STATEMENT | |
| Title | Fundamentals of modern management / |
| Statement of responsibility, etc. | by J. S. Dugdale. |
| 250 ## - EDITION STATEMENT | |
| Edition statement | [2d ed.]. |
| 260 ## - PUBLICATION, DISTRIBUTION, ETC. (IMPRINT) | |
| Place of publication, distribution, etc. | Bath, Eng. : |
| Name of publisher, distributor, etc. | Brodie, |
| Date of publication, distribution, etc. | 1968[3rd impression 1968] |
| 300 ## - PHYSICAL DESCRIPTION | |
| Illustrations | illus. |
| Pagination | viii,290p.: |
| Size | 22cm. |
| 650 #0 - SUBJECT ADDED ENTRY--TOPICAL TERM | |
| Topical term or geographic name as entry element | Industrial management. |
| 9 (RLIN) | 46127 |
| 942 ## - ADDED ENTRY ELEMENTS (KOHA) | |
| Source of classification or shelving scheme | Dewey Decimal Classification |
| Koha item type | Books |
| Lost status | Source of classification or shelving scheme | Damaged status | Not for loan | Collection code | Permanent Location | Current Location | Shelving location | Date acquired | Source of acquisition | Cost, normal purchase price | Total Checkouts | Full call number | Date last seen | Copy number | Koha item type |
|---|---|---|---|---|---|---|---|---|---|---|---|---|---|---|---|
| Dewey Decimal Classification | Non-fiction | Central Library, University of Rajshahi | Central Library, University of Rajshahi | 16/08/1969 | Zeitlinger | 30.00 | 658 DUF 1968 | 08/02/2014 | C-4 | Books | |||||
| Dewey Decimal Classification | Not For Loan | Non-fiction | Central Library, University of Rajshahi | Central Library, University of Rajshahi | Reading Room | 16/08/1964 | zeitlinger | 30.00 | 658 DUF 1968 | 11/04/2019 | C-1 | Books | |||
| Dewey Decimal Classification | Non-fiction | Central Library, University of Rajshahi | Central Library, University of Rajshahi | 16/08/1969 | Zeitlinger | 30.00 | 658 DUF 1968 | 15/04/2019 | C-2 | Books |